000 00504nam a2200217Ia 4500
003 OSt
005 20221005131226.0
006 a|||||r|||| 00| 0
007 ta
008 221004b |||||||| |||| 00| 0 snd d
024 _a7143
037 _cTextual
040 _aCRL
_cCRL
_bsnd
041 _2snd
_asnd
082 _aO1593,3x, K6
100 _aAmal
_9639290
245 0 _aShna shna gul
260 _c1966
942 _hO1593,3x, K6
_cTEXL
_2cc
999 _c1059696
_d1059696